| 000 | 00335nam a2200133 4500 | ||
|---|---|---|---|
| 999 |
_c7787 _d7787 |
||
| 020 | _a9788174731830 | ||
| 050 | _aQP161 | ||
| 100 | _aNegi, K. S. | ||
| 245 |
_aEssentials of Physics & Chemistry _cby Dr. K. S. Negi |
||
| 260 |
_aNew Delhi _bA.I.T.B.S Publishers |
||
| 300 |
_a148 pp; _billus |
||
| 650 |
_aphysics _xchemistry |
||
| 942 | _cBK | ||